| 000 | 00449nam a22001937a 4500 | ||
|---|---|---|---|
| 005 | 20240821051656.0 | ||
| 008 | 240821b |||||||| |||| 00| 0 eng d | ||
| 020 | _a8170332994 | ||
| 082 |
_222 _a 613 |
||
| 100 | _aThomas, Gracious | ||
| 245 | _aAIDS and Family Education | ||
| 260 |
_aJaipur _bRawat Publications _c1995 |
||
| 300 | _a288 p ., | ||
| 650 | _aSociology | ||
| 650 | _aSocial | ||
| 650 | _aGender | ||
| 650 | _aHealth | ||
| 942 | _cL | ||
| 999 |
_c5919 _d5919 |
||